[Event "CP-2015-P-00011"]
[Site "LSS email"]
[Date "2015.09.28"]
[Round "?"]
[White "Kalyoncuoglu, Ozgur"]
[Black "Hughes, Chris"]
[Result "1-0"]
[WhiteElo "2157"]
[BlackElo "843"]
[PlyCount "33"]
[EventDate "2015.10.01"]
[EventType "tourn (corr)"]
[EventRounds "6"]
[EventCountry "GER"]
[SourceTitle "Corr 2022"]
[Source "ChessBase"]
[SourceDate "2021.10.24"]
[SourceVersion "1"]
[SourceVersionDate "2021.10.24"]
[SourceQuality "1"]

1. d4 Nf6 2. Nf3 e6 3. c4 b6 4. Nc3 Bb7 5. a3 d5 6. cxd5 Nxd5 7. Qc2 Nxc3 8. bxc3 Nd7 9. e4 Be7 10. Bd3 c5 11. 0-0 Qc7 12. Qe2 0-0 13. a4 Rfd8 14. g3 Rac8 15. Bf4 Qc6 16. Rfe1 h6 17. Bb5 1-0

[Event "BI-2014-P-0021"]
[Site "LSS email"]
[Date "2014.04.19"]
[Round "?"]
[White "Kalyoncuoglu, Ozgur"]
[Black "Barrilete, Petaca"]
[Result "0-1"]
[WhiteElo "2054"]
[BlackElo "1469"]
[PlyCount "108"]
[EventDate "2014.04.25"]
[EventType "tourn (corr)"]
[EventRounds "10"]
[EventCountry "GER"]
[SourceTitle "Corr 2015"]
[Source "ChessBase"]
[SourceDate "2015.07.17"]
[SourceVersion "1"]
[SourceVersionDate "2015.07.17"]
[SourceQuality "1"]

1. d4 Nf6 2. Nf3 e6 3. c4 b6 4. g3 Ba6 5. b3 Bb7 6. Bg2 Bb4+ 7. Bd2 c5 8. a3 Bxd2+ 9. Qxd2 cxd4 10. Qxd4 Nc6 11. Qb2 d6 12. Nc3 a6 13. 0-0 Qc7 14. Nd2 Rd8 15. Rac1 Ne5 16. Nde4 Nxe4 17. Nxe4 0-0 18. Rfd1 f6 19. Qd4 Nf7 20. Nc3 Bxg2 21. Kxg2 f5 22. f3 Rb8 23. e4 fxe4 24. Nxe4 Qc6 25. Qe3 Rbd8 26. Rc3 Qc7 27. a4 Qc6 28. Qe2 Rd7 29. h4 h6 30. Rcd3 Kh8 31. R1d2 Rfd8 32. Re3 Rf8 33. Qd1 Kg8 34. Nf2 Re8 35. Nd3 Rde7 36. Nf4 b5 37. axb5 axb5 38. Qe2 bxc4 39. Ng6 Ra7 40. Rxe6 Rxe6 41. Qxe6 c3 42. Rc2 Kh7 43. Ne7 Rxe7 44. Qxe7 Ne5 45. Qf8 Qd5 46. Qf5+ g6 47. Qe4 Qxb3 48. h5 Kg7 49. f4 Qc4 50. Qxc4 Nxc4 51. Rxc3 d5 52. hxg6 Kxg6 53. Rd3 Kf7 54. Kf3 Nb6 0-1

[Event "BI-2014-F-0000"]
[Site "LSS email"]
[Date "2014.02.21"]
[Round "?"]
[White "Kalyoncuoglu, Ozgur"]
[Black "Egorov, Vladimir Al"]
[Result "1/2-1/2"]
[WhiteElo "2173"]
[BlackElo "2326"]
[PlyCount "55"]
[EventDate "2014.02.27"]
[EventType "tourn (corr)"]
[EventRounds "10"]
[EventCountry "GER"]
[SourceTitle "Corr 2022"]
[Source "ChessBase"]
[SourceDate "2021.10.24"]
[SourceVersion "1"]
[SourceVersionDate "2021.10.24"]
[SourceQuality "1"]

1. d4 Nf6 2. Nf3 d5 3. c4 c6 4. e3 Bf5 5. Nc3 e6 6. Nh4 Bg4 7. Nf3 Nbd7 8. Be2 Be7 9. 0-0 0-0 10. b3 Bb4 11. Bb2 Ne4 12. Nxe4 dxe4 13. Ne5 Bxe2 14. Qxe2 Nxe5 15. dxe5 Qa5 16. Qg4 Rfd8 17. a3 Bc3 18. Bxc3 Qxc3 19. Qxe4 Rd2 20. h4 Rad8 21. b4 Rc2 22. Rad1 Rxd1 23. Rxd1 Rc1 24. Rxc1 Qxc1+ 25. Kh2 Qxa3 26. c5 h5 27. Qd4 g6 28. g3 1/2-1/2

[Event "BI-2014-F-0000"]
[Site "LSS email"]
[Date "2014.02.21"]
[Round "?"]
[White "Kalyoncuoglu, Ozgur"]
[Black "Martucci, Massimo"]
[Result "1/2-1/2"]
[WhiteElo "2173"]
[BlackElo "2197"]
[PlyCount "43"]
[EventDate "2014.02.27"]
[EventType "tourn (corr)"]
[EventRounds "10"]
[EventCountry "GER"]
[SourceTitle "Corr 2022"]
[Source "ChessBase"]
[SourceDate "2021.10.24"]
[SourceVersion "1"]
[SourceVersionDate "2021.10.24"]
[SourceQuality "1"]

1. d4 d5 2. c4 c6 3. Nc3 Nf6 4. Nf3 a6 5. e3 b5 6. b3 Bg4 7. Be2 e6 8. 0-0 Bd6 9. h3 Bh5 10. a4 b4 11. Nb1 0-0 12. Nbd2 Nbd7 13. Bb2 Ne4 14. cxd5 Nxd2 15. Qxd2 cxd5 16. Rfc1 Nf6 17. Rc2 Ne4 18. Qd1 a5 19. Rac1 f6 20. Qf1 Bg6 21. Bd3 Qd7 22. Bb5 1/2-1/2

[Event "CP-2013-P-00006"]
[Site "LSS email"]
[Date "2013.09.30"]
[Round "?"]
[White "Grabowski, Benedykt"]
[Black "Kalyoncuoglu, Ozgur"]
[Result "1/2-1/2"]
[WhiteElo "1992"]
[BlackElo "2172"]
[PlyCount "62"]
[EventDate "2013.10.01"]
[EventType "tourn (corr)"]
[EventRounds "6"]
[EventCountry "GER"]
[SourceTitle "Corr 2022"]
[Source "ChessBase"]
[SourceDate "2021.10.24"]
[SourceVersion "1"]
[SourceVersionDate "2021.10.24"]
[SourceQuality "1"]

1. e4 c5 2. Nf3 d6 3. d4 cxd4 4. Nxd4 Nf6 5. Nc3 a6 6. Be3 e5 7. Nb3 Be7 8. Qd2 Be6 9. f3 Nbd7 10. g4 b5 11. g5 Nh5 12. 0-0-0 Nb6 13. Nd5 Nxd5 14. exd5 Bd7 15. Na5 Qc7 16. Kb1 0-0 17. Rg1 g6 18. c4 Rfb8 19. Bd3 Nf4 20. Bxf4 bxc4 21. Bxc4 exf4 22. Nc6 Bf8 23. Qxf4 Re8 24. Rg2 Bf5+ 25. Ka1 Qb6 26. Qd4 Qxd4 27. Nxd4 Bh3 28. Re2 Rxe2 29. Bxe2 h6 30. gxh6 Bxh6 31. b4 Bc8 1/2-1/2

[Event "CP-2013-P-00006"]
[Site "LSS email"]
[Date "2013.09.30"]
[Round "?"]
[White "Kalyoncuoglu, Ozgur"]
[Black "Gorman, Andrew"]
[Result "1-0"]
[WhiteElo "2172"]
[BlackElo "1238"]
[PlyCount "49"]
[EventDate "2013.10.01"]
[EventType "tourn (corr)"]
[EventRounds "6"]
[EventCountry "GER"]
[SourceTitle "Corr 2022"]
[Source "ChessBase"]
[SourceDate "2021.10.24"]
[SourceVersion "1"]
[SourceVersionDate "2021.10.24"]
[SourceQuality "1"]

1. d4 d5 2. c4 Nc6 3. e3 Nf6 4. Nf3 Bg4 5. cxd5 Nxd5 6. h3 Bf5 7. Nbd2 Bg6 8. e4 Nf6 9. d5 Nb8 10. Qb3 b6 11. Ne5 e6 12. Bb5+ Nfd7 13. dxe6 fxe6 14. Nxg6 hxg6 15. Qxe6+ Qe7 16. Qxg6+ Qf7 17. Qxf7+ Kxf7 18. Nf3 Bd6 19. Be3 Re8 20. 0-0-0 Rd8 21. e5 Bc5 22. e6+ Kxe6 23. Bc4+ Ke7 24. Bg5+ Nf6 25. Rhe1+ 1-0

[Event "CP-2013-P-00006"]
[Site "LSS email"]
[Date "2013.09.30"]
[Round "?"]
[White "Kalyoncuoglu, Ozgur"]
[Black "Kepinski, Janusz"]
[Result "1-0"]
[WhiteElo "2172"]
[BlackElo "1560"]
[PlyCount "21"]
[EventDate "2013.10.01"]
[EventType "tourn (corr)"]
[EventRounds "6"]
[EventCountry "GER"]
[SourceTitle "Corr 2022"]
[Source "ChessBase"]
[SourceDate "2021.10.24"]
[SourceVersion "1"]
[SourceVersionDate "2021.10.24"]
[SourceQuality "1"]

1. d4 Nf6 2. Nf3 d5 3. c4 e6 4. Nc3 Bb4 5. Bg5 Nbd7 6. e3 0-0 7. cxd5 exd5 8. Bd3 h6 9. Bh4 c6 10. 0-0 Re8 11. Qc2 1-0

[Event "CP-2013-P-00006"]
[Site "LSS email"]
[Date "2013.09.30"]
[Round "?"]
[White "Kalyoncuoglu, Ozgur"]
[Black "Tallo, Laszlo"]
[Result "1/2-1/2"]
[WhiteElo "2172"]
[BlackElo "1601"]
[PlyCount "74"]
[EventDate "2013.10.01"]
[EventType "tourn (corr)"]
[EventRounds "6"]
[EventCountry "GER"]
[SourceTitle "Corr 2022"]
[Source "ChessBase"]
[SourceDate "2021.10.24"]
[SourceVersion "1"]
[SourceVersionDate "2021.10.24"]
[SourceQuality "1"]

1. d4 d5 2. c4 c6 3. Nf3 Nf6 4. Nc3 e6 5. Bg5 Nbd7 6. e3 h6 7. Bh4 a6 8. a4 g5 9. Bg3 Nh5 10. Be5 Nxe5 11. Nxe5 Nf6 12. Be2 Nd7 13. Nf3 Bg7 14. a5 0-0 15. 0-0 dxc4 16. Qa4 g4 17. Nd2 c5 18. dxc5 Bxc3 19. bxc3 Nxc5 20. Qa2 e5 21. Bxc4 Bf5 22. Bd5 Rc8 23. e4 Be6 24. c4 Qg5 25. Rfe1 Rc7 26. Nf1 h5 27. Rad1 Rfc8 28. Ne3 h4 29. g3 Re7 30. Qc2 Kh7 31. Rb1 Rd8 32. Red1 Rg8 33. Qe2 Rg6 34. Rf1 Rd7 35. Rfd1 Re7 36. Rf1 Rd7 37. Rfd1 Re7 1/2-1/2

[Event "BI-2013-P-00010"]
[Site "LSS email"]
[Date "2013.04.22"]
[Round "?"]
[White "Paetzold, Ortwin"]
[Black "Kalyoncuoglu, Ozgur"]
[Result "0-1"]
[WhiteElo "1635"]
[BlackElo "2108"]
[PlyCount "70"]
[EventDate "2013.04.25"]
[EventType "tourn (corr)"]
[EventRounds "10"]
[EventCountry "GER"]
[SourceTitle "Telechess CBM 167"]
[Source "ChessBase"]
[SourceDate "2015.07.13"]
[SourceVersion "1"]
[SourceVersionDate "2015.07.13"]
[SourceQuality "1"]

1. Nf3 d5 2. g3 Nf6 3. Bg2 c6 4. 0-0 Nbd7 5. d4 g6 6. Nbd2 Bg7 7. c4 0-0 8. b3 b5 9. Bb2 bxc4 10. bxc4 Rb8 11. Qc2 Nb6 12. Ne5 Bf5 13. Qc1 Rc8 14. a4 a5 15. Qc3 Nbd7 16. f4 c5 17. e3 Ne4 18. Nxe4 cxd4 19. exd4 Nxe5 20. fxe5 Rxc4 21. Qe3 dxe4 22. Bxe4 Bxe4 23. Qxe4 Qd7 24. Qd3 Rfc8 25. Qb3 e6 26. Qf3 Rb8 27. Qf2 Bh6 28. Rab1 Rb3 29. Rbe1 Qb7 30. Re2 Rc2 31. Rxc2 Be3 32. Qxe3 Rxe3 33. Rcf2 Rb3 34. Bc1 Qd7 35. Bh6 Qxd4 0-1

[Event "BI-2012-F-00006"]
[Site "LSS email"]
[Date "2013.02.15"]
[Round "?"]
[White "Krupa, Bartlomiej"]
[Black "Kalyoncuoglu, Ozgur"]
[Result "1/2-1/2"]
[WhiteElo "2189"]
[BlackElo "2097"]
[PlyCount "67"]
[EventDate "2013.02.20"]
[EventType "tourn (corr)"]
[EventRounds "10"]
[EventCountry "GER"]
[SourceTitle "Telechess CBM 167"]
[Source "ChessBase"]
[SourceDate "2015.07.13"]
[SourceVersion "1"]
[SourceVersionDate "2015.07.13"]
[SourceQuality "1"]

1. e4 c5 2. Nf3 d6 3. d4 cxd4 4. Nxd4 Nf6 5. Nc3 a6 6. h3 e6 7. g4 d5 8. exd5 Nxd5 9. Nde2 Bb4 10. Bg2 0-0 11. 0-0 Nxc3 12. Nxc3 Qe7 13. Ne4 Qc7 14. Bg5 f6 15. Be3 Nc6 16. c3 Be7 17. Qb3 Na5 18. Qb6 Qxb6 19. Bxb6 Nc4 20. Bc5 Bxc5 21. Nxc5 Nxb2 22. Rfe1 Ra7 23. Re2 b6 24. Nxe6 Bxe6 25. Rxe6 b5 26. Bd5 Kh8 27. Rae1 g6 28. R1e3 Rd7 29. Bf3 Ra7 30. Be2 f5 31. Rf3 Rc8 32. gxf5 gxf5 33. Rxf5 Na4 34. Bg4 1/2-1/2

[Event "BI-2012-F-00006"]
[Site "LSS email"]
[Date "2013.02.15"]
[Round "?"]
[White "Roberts, Anthony"]
[Black "Kalyoncuoglu, Ozgur"]
[Result "1/2-1/2"]
[WhiteElo "2156"]
[BlackElo "2097"]
[PlyCount "48"]
[EventDate "2013.02.20"]
[EventType "tourn (corr)"]
[EventRounds "10"]
[EventCountry "GER"]
[SourceTitle "Telechess CBM 167"]
[Source "ChessBase"]
[SourceDate "2015.07.13"]
[SourceVersion "1"]
[SourceVersionDate "2015.07.13"]
[SourceQuality "1"]

1. e4 c5 2. Nf3 d6 3. d4 cxd4 4. Nxd4 Nf6 5. Nc3 a6 6. Bg5 e6 7. f4 Nc6 8. Nxc6 bxc6 9. e5 h6 10. Bh4 g5 11. fxg5 Nd5 12. Qh5 Qa5 13. 0-0-0 Nxc3 14. bxc3 Qxc3 15. g6 Qe3+ 16. Rd2 d5 17. Bf2 Qa3+ 18. Kd1 Rb8 19. gxf7+ Kd7 20. Qg6 Be7 21. c4 Rf8 22. Bd3 Bg5 23. Be1 Qc3 24. Rf1 Qa1+ 1/2-1/2

[Event "CP-2011-Q-00007"]
[Site "LSS email"]
[Date "2013.01.14"]
[Round "?"]
[White "Kalyoncuoglu, Ozgur"]
[Black "Sukhanitskij, Stanislav"]
[Result "1/2-1/2"]
[WhiteElo "2108"]
[BlackElo "2018"]
[PlyCount "77"]
[EventDate "2013.01.20"]
[EventType "tourn (corr)"]
[EventRounds "6"]
[EventCountry "GER"]
[SourceTitle "Telechess CBM 167"]
[Source "ChessBase"]
[SourceDate "2015.07.13"]
[SourceVersion "1"]
[SourceVersionDate "2015.07.13"]
[SourceQuality "1"]

1. d4 d5 2. c4 dxc4 3. Nf3 Nf6 4. Qa4+ c6 5. Qxc4 Bf5 6. Nc3 e6 7. g3 Nbd7 8. Bg2 Be7 9. 0-0 0-0 10. Re1 Ne4 11. Qb3 Qb6 12. Nh4 Bxh4 13. Nxe4 Qxb3 14. axb3 Be7 15. Bd2 h6 16. Ba5 Bh7 17. Nd2 Nb6 18. Nc4 Nd5 19. e4 Nb4 20. Red1 Rfc8 21. h4 Bf8 22. h5 Be7 23. Ne3 Bf8 24. d5 cxd5 25. exd5 Nxd5 26. Nxd5 exd5 27. Bxd5 Rc2 28. Bc3 Bc5 29. Bd4 Bf5 30. Bxb7 Rb8 31. Bd5 Bg4 32. Bxc5 Rxc5 33. f3 Be6 34. Bxe6 fxe6 35. Rxa7 Rxb3 36. Rdd7 Rg5 37. Ra8+ Kh7 38. g4 Rd5 39. Rxd5 1/2-1/2

[Event "CP-2012-P-00026"]
[Site "LSS email"]
[Date "2012.10.01"]
[Round "?"]
[White "De Melo, Gerson Luis"]
[Black "Kalyoncuoglu, Ozgur"]
[Result "0-1"]
[WhiteElo "1809"]
[BlackElo "2103"]
[PlyCount "114"]
[EventDate "2012.10.05"]
[EventType "tourn (corr)"]
[EventRounds "6"]
[EventCountry "GER"]
[SourceTitle "Telechess CBM 163"]
[Source "ChessBase"]
[SourceDate "2014.11.11"]
[SourceVersion "2"]
[SourceVersionDate "2014.11.11"]
[SourceQuality "1"]

1. e4 c5 2. Nf3 d6 3. Bb5+ Bd7 4. a4 Nc6 5. 0-0 Nf6 6. Re1 e6 7. c3 a6 8. Bf1 Be7 9. d4 cxd4 10. cxd4 0-0 11. Nc3 Rc8 12. Bg5 h6 13. Bh4 Nb4 14. a5 d5 15. e5 Nh7 16. Bxe7 Qxe7 17. h4 Rc7 18. Qd2 Rfc8 19. Ra3 Be8 20. Be2 Rd8 21. g4 f5 22. gxf5 exf5 23. Bd1 Nf8 24. Ne2 Ne6 25. Ng3 Bg6 26. Ra4 Nc6 27. h5 Bh7 28. Ne2 Qf7 29. Nf4 Nxf4 30. Qxf4 Qxh5 31. Nh4 Qe8 32. Ng2 g5 33. Qh2 f4 34. Qxh6 Qg6 35. Qh3 Kg7 36. Bg4 Rh8 37. Qa3 Qf7 38. e6 Qf6 39. Qd6 Qd8 40. Qxd8 Rxd8 41. Re2 Kf6 42. Ne1 Re8 43. Ra3 Nxd4 44. Rd2 Bf5 45. Bxf5 Nxf5 46. Rc3 Rxc3 47. bxc3 Rc8 48. Rxd5 Kxe6 49. Rd3 Rc5 50. Nf3 Nd6 51. Nd2 Rd5 52. Rxd5 Kxd5 53. f3 Nc4 54. Ne4 Nxa5 55. Nxg5 Nb3 56. Nh3 a5 57. Nxf4+ Kc4 0-1

[Event "CP-2012-P-00026"]
[Site "LSS email"]
[Date "2012.10.01"]
[Round "?"]
[White "Kalyoncuoglu, Ozgur"]
[Black "Domanov, Dmitry"]
[Result "1/2-1/2"]
[WhiteElo "2103"]
[BlackElo "2437"]
[PlyCount "44"]
[EventDate "2012.10.05"]
[EventType "tourn (corr)"]
[EventRounds "6"]
[EventCountry "GER"]
[SourceTitle "Telechess CBM 163"]
[Source "ChessBase"]
[SourceDate "2014.11.11"]
[SourceVersion "2"]
[SourceVersionDate "2014.11.11"]
[SourceQuality "1"]

1. d4 Nf6 2. Nf3 g6 3. c4 Bg7 4. Nc3 0-0 5. Bg5 c5 6. d5 h6 7. Bh4 d6 8. Nd2 g5 9. Bg3 Nh5 10. Qc2 Nd7 11. e3 a6 12. Bd3 Nxg3 13. hxg3 Ne5 14. Be2 Ng4 15. Nde4 f5 16. Bxg4 fxg4 17. Nxg5 hxg5 18. Qh7+ Kf7 19. Qh5+ Kg8 20. Qh7+ Kf7 21. Qh5+ Kg8 22. Qh7+ Kf7 1/2-1/2

[Event "BI-2012-P-00030"]
[Site "LSS email"]
[Date "2012.04.20"]
[Round "?"]
[White "Needham, Mark"]
[Black "Kalyoncuoglu, Ozgur"]
[Result "0-1"]
[WhiteElo "1506"]
[BlackElo "2087"]
[PlyCount "118"]
[EventDate "2012.04.22"]
[EventType "tourn (corr)"]
[EventRounds "10"]
[EventCountry "GER"]
[SourceTitle "Telechess CBM 163"]
[Source "ChessBase"]
[SourceDate "2014.11.11"]
[SourceVersion "2"]
[SourceVersionDate "2014.11.11"]
[SourceQuality "1"]

1. e4 c5 2. Nf3 d6 3. d4 cxd4 4. Nxd4 Nf6 5. Nc3 a6 6. Be2 e6 7. f4 Be7 8. Be3 Qc7 9. Bf3 0-0 10. Qe2 Nc6 11. 0-0-0 Nxd4 12. Rxd4 Nd7 13. Rdd1 Rb8 14. Ba7 Ra8 15. Be3 b5 16. e5 Rb8 17. exd6 Bxd6 18. g3 b4 19. Ne4 Be7 20. Kb1 Bb7 21. Rd2 Bd5 22. Rhd1 Qc6 23. Ng5 Nf6 24. Bd4 h6 25. Bxf6 Bxf6 26. Bxd5 exd5 27. Nf3 Rfe8 28. Qf2 Rb5 29. Rd3 Rc5 30. Nd4 Bxd4 31. Rxd4 Re4 32. R1d2 Kh7 33. Qf1 a5 34. Qd1 a4 35. b3 a3 36. Rxe4 dxe4 37. Rd6 Qb5 38. Rd4 f5 39. Rd6 e3 40. Qe1 Rc3 41. Re6 Qc5 42. Qd1 Qc8 43. Re7 Qc6 44. Re5 Qg2 45. Re7 Qa8 46. Re6 Qb7 47. Re5 Qc6 48. h3 Qg2 49. g4 Qd2 50. Rd5 Qf2 51. Rd7 Qxf4 52. g5 Qxg5 53. Qe2 f4 54. Rd1 Qf6 55. Rd3 f3 56. Qxe3 Rxd3 57. Qxd3+ Kh8 58. c3 Qxc3 59. Qxc3 bxc3 0-1

[Event "BI-2011-F-00009"]
[Site "LSS email"]
[Date "2012.02.12"]
[Round "?"]
[White "Kalyoncuoglu, Ozgur"]
[Black "Petters Merino, Oscar Augusto"]
[Result "1/2-1/2"]
[WhiteElo "2087"]
[BlackElo "2054"]
[PlyCount "43"]
[EventDate "2012.02.15"]
[EventType "tourn (corr)"]
[EventRounds "10"]
[EventCountry "GER"]
[SourceTitle "Telechess CBM 165"]
[Source "ChessBase"]
[SourceDate "2015.03.11"]
[SourceVersion "1"]
[SourceVersionDate "2015.03.11"]
[SourceQuality "1"]
[BlackTeam "Argentina"]
[BlackTeamCountry "ARG"]

1. d4 Nf6 2. Nf3 d5 3. c4 c6 4. Nc3 e6 5. cxd5 exd5 6. Bg5 Be7 7. e3 Nbd7 8. Bd3 0-0 9. Qc2 h6 10. Bh4 Re8 11. 0-0 Ne4 12. Bxe7 Qxe7 13. Rfe1 Nb6 14. a4 a5 15. Bxe4 dxe4 16. Nd2 Bf5 17. f3 Nd5 18. fxe4 Bg6 19. Nxd5 cxd5 20. Rac1 b6 21. Qc7 Qb4 22. Qc3 1/2-1/2

[Event "BI-2011-F-00009"]
[Site "LSS email"]
[Date "2012.02.12"]
[Round "?"]
[White "Schubert, Steffen"]
[Black "Kalyoncuoglu, Ozgur"]
[Result "0-1"]
[WhiteElo "2003"]
[BlackElo "2087"]
[PlyCount "60"]
[EventDate "2012.02.15"]
[EventType "tourn (corr)"]
[EventRounds "10"]
[EventCountry "GER"]
[SourceTitle "Telechess CBM 165"]
[Source "ChessBase"]
[SourceDate "2015.03.11"]
[SourceVersion "1"]
[SourceVersionDate "2015.03.11"]
[SourceQuality "1"]

1. e4 c5 2. Nf3 d6 3. d4 cxd4 4. Nxd4 Nf6 5. Nc3 a6 6. Be2 Qc7 7. 0-0 e6 8. Qd3 b6 9. Qg3 Bb7 10. f3 h5 11. Bg5 b5 12. a3 Be7 13. Be3 h4 14. Qh3 g6 15. Rfd1 Nbd7 16. Rac1 Nb6 17. Nb3 Nc4 18. Bxc4 bxc4 19. Nd2 d5 20. exd5 exd5 21. Re1 Kf8 22. b4 Rh5 23. f4 Bd6 24. Na4 Bxf4 25. Nc5 Bxe3+ 26. Qxe3 Ng4 27. Qh3 Bc8 28. Re2 a5 29. Nf1 Qf4 30. Rd2 d4 0-1